<?xml version="1.0" encoding="UTF-8"?>
<record
    xmlns:xsi="http://www.w3.org/2001/XMLSchema-instance"
    xsi:schemaLocation="http://www.loc.gov/MARC21/slim http://www.loc.gov/standards/marcxml/schema/MARC21slim.xsd"
    xmlns="http://www.loc.gov/MARC21/slim">

  <leader>00643nam a22001337a 4500</leader>
  <datafield tag="040" ind1=" " ind2=" ">
    <subfield code="c">RUA</subfield>
  </datafield>
  <datafield tag="082" ind1=" " ind2=" ">
    <subfield code="a">LMA YAT 2024 B1-398 Or.1</subfield>
  </datafield>
  <datafield tag="100" ind1=" " ind2=" ">
    <subfield code="a">&#x1799;&#x17C9;&#x17B6;&#x178F;&#x17CB; &#x1785;&#x17D0;&#x1793;&#x17D2;&#x1791;&#x1794;&#x17BC;&#x179A;&#x1798;&#x17B8; YATH CHANBOMEY</subfield>
  </datafield>
  <datafield tag="245" ind1=" " ind2=" ">
    <subfield code="a">&#x179F;&#x17B7;&#x1780;&#x17D2;&#x179F;&#x17B6;&#x1796;&#x17B8;&#x1780;&#x17B6;&#x179A;&#x17A2;&#x1797;&#x17B7;&#x179C;&#x178C;&#x17D2;&#x178D;&#x178A;&#x17B8;&#x1793;&#x17C5;&#x1783;&#x17BB;&#x17C6;&#x1787;&#x17D2;&#x179A;&#x17C3;&#x179B;&#x17B6;&#x179F;&#x17CB; &#x179F;&#x17D2;&#x179A;&#x17BB;&#x1780;&#x1796;&#x1789;&#x17B6;&#x17AE; &#x1781;&#x17C1;&#x178F;&#x17D2;&#x178F;&#x1780;&#x178E;&#x17D2;&#x178F;&#x17B6;&#x179B; STUDY ON LAND DEVELOPMENT IN CHREY LAS COMMUNE, PONHEA LEU DISTRICT, KANDAL PROVINCE</subfield>
  </datafield>
  <datafield tag="260" ind1=" " ind2=" ">
    <subfield code="a">RUA</subfield>
    <subfield code="b">PHNOM PENH</subfield>
    <subfield code="c">2024</subfield>
  </datafield>
  <datafield tag="300" ind1=" " ind2=" ">
    <subfield code="a">x</subfield>
    <subfield code="b">ill</subfield>
    <subfield code="c">29cm</subfield>
  </datafield>
  <datafield tag="856" ind1=" " ind2=" ">
    <subfield code="u">https://drive.google.com/file/d/13mzMU_zQ-qCAqYSqZqKJwEWi648gxXj5/view?usp=sharing</subfield>
  </datafield>
  <datafield tag="942" ind1=" " ind2=" ">
    <subfield code="c">LMA</subfield>
  </datafield>
  <datafield tag="999" ind1=" " ind2=" ">
    <subfield code="c">24910</subfield>
    <subfield code="d">24910</subfield>
  </datafield>
  <datafield tag="952" ind1=" " ind2=" ">
    <subfield code="0">0</subfield>
    <subfield code="1">0</subfield>
    <subfield code="4">0</subfield>
    <subfield code="6">LMA_YAT_2023_000000000000000_B1398_OR_1</subfield>
    <subfield code="7">0</subfield>
    <subfield code="9">104672</subfield>
    <subfield code="a">LBB</subfield>
    <subfield code="b">LBB</subfield>
    <subfield code="c">B1.398</subfield>
    <subfield code="d">2025-05-12</subfield>
    <subfield code="o">LMA YAT 2023 B1-398 Or.1</subfield>
    <subfield code="p">a083520</subfield>
    <subfield code="r">2025-05-12</subfield>
    <subfield code="y">LMA</subfield>
  </datafield>
  <datafield tag="952" ind1=" " ind2=" ">
    <subfield code="0">0</subfield>
    <subfield code="1">0</subfield>
    <subfield code="4">0</subfield>
    <subfield code="6">LMA_YAT_2023_000000000000000_B1398_OR_2</subfield>
    <subfield code="7">0</subfield>
    <subfield code="9">104673</subfield>
    <subfield code="a">LBB</subfield>
    <subfield code="b">LBB</subfield>
    <subfield code="c">B1.398</subfield>
    <subfield code="d">2025-05-12</subfield>
    <subfield code="o">LMA YAT 2023 B1-398 Or.2</subfield>
    <subfield code="p">a082898</subfield>
    <subfield code="r">2025-05-12</subfield>
    <subfield code="y">LMA</subfield>
  </datafield>
</record>
